| 000 | 00743cab a22001935a 4500 | ||
|---|---|---|---|
| 001 | L143728 | ||
| 008 | 080507e20080523xxkd f 000 0 eng d | ||
| 035 | _a(Sirsi) u143728 | ||
| 041 | 0 | _aeng | |
| 100 | 1 | _aMorrison, Doug | |
| 245 | 0 | 0 |
_aWarning, your home may still be at risk _bmarket watch 2008 part five |
| 260 | _c2008 | ||
| 490 | 0 |
_aProperty Week _v73(21), 23 May 2008, 48-50(3) |
|
| 520 | _aConsiders the impact of the credit crunch on the residential housing market. Discusses how sale-and-rent-back companies are benefiting from the housing market downturn and calls for them to be regulated. | ||
| 590 | _aKA | ||
| 651 | 4 |
_aUnited Kingdom _y |
|
| 690 | _aPROPERTY-RESIDENTIAL PROPERTY-RESIDENTIAL PROPERTY MARKET | ||
| 942 | _n0 | ||
| 999 |
_c80260 _d80260 |
||